000 00985nam a2200253 i 4500
001 114492
003 ES-MaACL
005 20240428063035.0
007 t|
008 070302s1904 fr ||||1| spa d
080 _a352(460.188 Espinar)"12"(094.5)
080 _a946.018.8 Espinar
100 1 _aPuyol y Alonso, Julio,
_d1865-1937
_994454
245 1 4 _aUna puebla en el siglo XIII :
_b(cartas de población de El Espinar) /
_cJulio Puyol y Alonso.
260 _aParís :
_b[Revue Hispanique],
_c1904 (
_fMacon, Protat Frères, imp.)
300 _a61 p., [1] h. pleg. de lám. ;
_c25 cm.
530 _aDisponible en formato digital.
595 _aExtrait de la Revue Hispanique, t. XI.
650 4 _aFueros-
_zSegovia (Provincia)
_9173153
651 4 _aEl Espinar-
_xHistoria.
_98152
852 _aES-MaACL
_jT-1066-F-3
856 _uhttps://bibliotecadigital.jcyl.es/es/consulta/registro.do?id=99
_zBiblioteca Digital de Castilla y León
999 _c114492
_d114492